000
00345cam a2200145ua 4500
041
_a
hin
_h
082
_a
891.43
_b
RAT/JA
100
_a
Rathiveer, .
245
_a
Jannathiri /
_c
Rathiveer.
_h
Textual Documents
260
_a
:
_b
Bharathiya Sahitya Prakashan ,
_c
1968.
300
_a
620 ; .
504
_a
942
_c
BK
999
_c
2578
_d
2578